LEADER 00915nam0-22003371i-450- 001 990000012740403321 005 20100204200101.0 035 $a000001274 035 $aFED01000001274 035 $a(Aleph)000001274FED01 035 $a000001274 100 $a20100204d1948----km-y0itay50------ba 101 0 $aita 102 $aIT 105 $ay-------001yy 200 1 $aILVA$ealti forni e acciaierie d'Italia$e1897-1947$f[a cura di] ILVA 210 $aBergamo$cIstituto italiano d'arti grafiche$d1948 215 $a369 p.$cill.$d35 cm 610 0 $aAltiforni 610 0 $aImpianti siderurgici 676 $a669.8 710 02$aILVA$c$0422871 801 0$aIT$bUNINA$gRICA$2UNIMARC 901 $aBK 912 $a990000012740403321 952 $a13 C 47 14$b19083$fFINBC 952 $aSE 043.05.038-$b029031$fDECSE 959 $aFINBC 959 $aDECSE 996 $aILVA$9108300 997 $aUNINA LEADER 03025nam 2200745 450 001 9910807289403321 005 20240131171713.0 010 $a84-9180-495-1 010 $a84-9180-494-3 035 $a(CKB)4100000009152033 035 $a(MiAaPQ)EBC5885396 035 $a(OCoLC)1126311101 035 $a(FINmELB)ELB117489 035 $a(MiAaPQ)EBC7051981 035 $a(Au-PeEL)EBL7051981 035 $a(EXLCZ)994100000009152033 100 $a20191010d2019 uy 0 101 0 $aspa 135 $aurcnu|||||||| 181 $ctxt$2rdamedia/spa 182 $cc$2rdamedia/spa 183 $2rdacarrier/spa 200 10$aHacia una comunicacio?n feminista$b[recurso electrónico]$eco?mo informar e informarse sobre violencia machista /$fAna Bernal-Trivin?o ; pro?logo de Ana de Miguel ; prefacio de Ana Pardo de Vera 205 $aPrimera edicio?n en lengua castellana. 210 1$aBarcelona :$cEditorial UOC,$d2019. 215 $a1 recurso en li?nea (206 pa?ginas) 225 1 $aComunicacio?n ;$v627 311 $a84-9180-487-0 330 $aEl periodismo no puede dejar al margen la realidad de la mitad de la población. La veracidad y la honestidad deben ser prioritarias en las violencias machistas, pero también es fundamental que la sociedad identifique cuándo los medios lo hacen mal e impida, así, que el discurso machista continúe. Si existe un compromiso de tolerancia cero con el maltrato, toda la ciudadanía debe sumarse. Este libro ofrece las claves de los derechos de la mujer, el papel de los medios y sus errores más comunes, y ayuda a comprender los procesos que sufren las mujeres que padecen esta violencia. 410 0$aManuales (Universitat Oberta de Catalunya).$pComunicacio?n ;$v627. 517 1 $aCo?mo informar e informarse sobre violencia machista 606 $aViolencia contra las mujeres$2EMBUS 606 $aMujeres víctimas de violencia$2EMBUS 606 $aFeminismo$2EMBUS 606 $aComunicación$2EMBUS 606 $aMedios de comunicacio?n de masas$2EMBUS 606 $aFeminismo 606 $aFeminism 606 $aComunicacio?n 606 $aCommunication 606 $aMedios de comunicacio?n de masas 606 $aMass media 608 $aLibros electronicos. 615 07$aViolencia contra las mujeres 615 07$aMujeres víctimas de violencia 615 07$aFeminismo 615 07$aComunicación 615 07$aMedios de comunicacio?n de masas. 615 4$aFeminismo. 615 0$aFeminism. 615 4$aComunicacio?n. 615 0$aCommunication. 615 4$aMedios de comunicacio?n de masas. 615 0$aMass media. 676 $a305.42 700 $aBernal Trivin?o$b Ana Isabel$01705802 701 $aPardo de Vera$b Ana$01705803 702 $aMiguel A?lvarez$b Ana de 801 0$bFINmELB 801 1$bFINmELB 801 2$bBUS 906 $aBOOK 912 $a9910807289403321 996 $aHacia una comunicacio?n feminista$94092804 997 $aUNINA